000 00820nam a2200229Ia 4500
003 GCL
008 140319s9999 xx 000 0 ara d
040 _aGCL /
_cGCL
082 0 4 _a331.1
_bق م
100 1 _aفاضل احمد على
245 1 0 _aمقدمة فى الاقتصاد القياسى التطبيقى - قضايا عامة /
_cفاضل احمد على
260 _a[S.N] :
_bالدار الجماهيرية للنشر والتوزيع والاعلان ،
_c1988
300 _a164 ص
490 _a
650 0 4 _aالتخطيط الاقتصادى
650 0 4 _aالاحوال الاقتصادية
650 0 4 _aالتنمية الاقتصادية
650 0 4 _aالاجتماع
650 0 4 _aالاقتصاد التحليلى
650 0 4 _aالاجتماع الاقتصادى
942 _2ddc
_cBK
999 _c58696
_d58696